[Event "II Memorial Carlo Ragazzini B"]
[Site "Mestre - Venezia ITA"]
[Date "2011.05.22"]
[Round "4"]
[White "Bonollo, Sergio"]
[Black "Esposito, Ivan"]
[Result "0-1"]
[WhiteElo "1822"]
[BlackElo "1455"]
[PlyCount "84"]
[EventDate "2011.05.20"]

1. e4 d6 2. d4 g6 3. f4 Bg7 4. Nf3 Nf6 5. e5 dxe5 6. fxe5 Nfd7 7. Bc4 Nb6 8.
Bb3 c5 9. c3 Nc6 10. O-O O-O 11. Be3 cxd4 12. cxd4 Nd5 13. Bxd5 Qxd5 14. Nc3
Qa5 15. h3 Rd8 16. Qb3 Be6 17. Qb5 Qxb5 18. Nxb5 Bc4 19. Nc7 Rac8 20. Rfc1 Be2
21. d5 Bxf3 22. gxf3 Nxe5 23. Bxa7 Nxf3+ 24. Kf2 Ng5 25. h4 Ne4+ 26. Kf3 Nf6
27. Rc5 Nd7 28. Rc2 Be5 29. Rac1 Nf6 30. Bb6 Nd7 31. Ba5 b6 32. Bb4 Bf6 33. Kg3
Ne5 34. Rd1 h5 35. a4 Ng4 36. Rdc1 Rd7 37. Nb5 Rxc2 38. Rxc2 Rxd5 39. Rc8+ Kg7
40. Bc3 e5 41. Rc4 Rd3+ 42. Kg2 Ne3+ 0-1

[Event "II Memorial Carlo Ragazzini B"]
[Site "Mestre - Venezia ITA"]
[Date "2011.05.22"]
[Round "4"]
[White "Dal Bianco, Nicola"]
[Black "Losso, Agostino"]
[Result "1-0"]
[WhiteElo "1610"]
[BlackElo "1774"]
[PlyCount "95"]
[EventDate "2011.05.20"]

1. c4 e5 2. Nc3 Nf6 3. Nf3 Nc6 4. g3 Bb4 5. Bg2 O-O 6. O-O Bxc3 7. dxc3 h6 8.
Nd2 d6 9. Ne4 Nxe4 10. Bxe4 f5 11. Bd5+ Kh8 12. e3 Ne7 13. Bg2 Ng6 14. f4 e4
15. b3 a5 16. a4 Be6 17. Qd2 Re8 18. Rd1 Nf8 19. Qd4 b6 20. Bf1 Bf7 21. Be2 Qd7
22. Bb2 Ne6 23. Qd2 Nc5 24. Qc2 g5 25. b4 Ne6 26. c5 bxc5 27. bxc5 Nxc5 28. c4+
Kh7 29. fxg5 hxg5 30. Rf1 g4 31. Qc3 Bg6 32. Qf6 Qe7 33. Rxf5 Qxf6 34. Rxf6
Rab8 35. Bc3 Nd3 36. Bxa5 Ne5 37. Bxc7 Rb2 38. Rf2 Rc2 39. Bxd6 Nxc4 40. Bxc4
Rxc4 41. Rfa2 Bf7 42. Rf2 Kg6 43. Kg2 Rc3 44. Bf4 Rd8 45. h3 gxh3+ 46. Kxh3
Rh8+ 47. Kg2 Be6 48. Be5 1-0

[Event "II Memorial Carlo Ragazzini B"]
[Site "Mestre - Venezia ITA"]
[Date "2011.05.22"]
[Round "4"]
[White "Bortolotto, Denzio"]
[Black "Rizzo, Nicodemo"]
[Result "0-1"]
[WhiteElo "1769"]
[BlackElo "1458"]
[PlyCount "132"]
[EventDate "2011.05.20"]

1. e4 c6 2. d4 d5 3. Nc3 dxe4 4. Nxe4 Bf5 5. Ng3 Bg6 6. Nf3 Nd7 7. Bd3 Bxd3 8.
Qxd3 e6 9. Be3 Be7 10. Nh5 Qa5+ 11. c3 Qxh5 12. O-O-O Ngf6 13. h3 Qb5 14. Qc2
Nb6 15. g4 Nfd5 16. Bd2 Nc4 17. Be1 Bd6 18. Nd2 Bf4 19. b3 Bxd2+ 20. Bxd2 Nxd2
21. Qxd2 Qa5 22. Kb2 O-O-O 23. Rc1 Qc7 24. Rhe1 Qf4 25. Qe2 Rhe8 26. Rcd1 Kb8
27. Rd3 Qd6 28. Rf3 Re7 29. Qd3 g6 30. g5 Qc7 31. Re5 Red7 32. Qc4 Nb6 33. Qe2
Rd5 34. Rfe3 Rxe5 35. Rxe5 Rd5 36. f4 Rxe5 37. fxe5 Nd5 38. Qf2 Qe7 39. Qh4 c5
40. Qxh7 cxd4 41. cxd4 Kc7 42. Qh4 Kd7 43. Qf2 Ke8 44. h4 Qb4 45. Kb1 b5 46.
Qc2 Qc3 47. Qe2 a6 48. Qf2 Ne7 49. Qf6 Qd3+ 50. Kc1 Nd5 51. Qh8+ Ke7 52. Qb8
Qc3+ 53. Kb1 Qc7 54. Qh8 Qd8 55. Qg7 Qf8 56. Qh7 Qc8 57. Qg7 Qc3 58. h5 Qd3+
59. Kc1 gxh5 60. Qh8 Qxd4 61. g6 Qc3+ 62. Kb1 Qd3+ 63. Kb2 Qxg6 64. Qb8 Qg2+
65. Kc1 Qg5+ 66. Kb2 Qd2+ 0-1

[Event "II Memorial Carlo Ragazzini B"]
[Site "Mestre - Venezia ITA"]
[Date "2011.05.22"]
[Round "4"]
[White "Loris, Stefano"]
[Black "Franceschini, Corrado"]
[Result "0-1"]
[WhiteElo "1681"]
[BlackElo "1847"]
[PlyCount "90"]
[EventDate "2011.05.20"]

1. d4 Nf6 2. c4 g6 3. Nc3 Bg7 4. e4 d6 5. Bd3 O-O 6. Nge2 e5 7. d5 a5 8. a4 Na6
9. O-O Nh5 10. Ng3 Nf4 11. Nce2 Nxd3 12. Qxd3 Nc5 13. Qc2 h5 14. Nc3 h4 15.
Nge2 f5 16. f4 fxe4 17. Nxe4 Nxe4 18. Qxe4 Bf5 19. Qf3 e4 20. Qe3 c5 21. Kh1
Qd7 22. h3 Bf6 23. Ra2 Qg7 24. Rg1 Bd4 25. Nxd4 cxd4 26. Qf2 Qf6 27. g4 hxg3
28. Qxg3 e3 29. Bxe3 Be4+ 30. Kh2 dxe3 31. Qxe3 Qxf4+ 32. Qxf4 Rxf4 33. b3 Raf8
34. Re1 Bf5 35. Re7 Rf7 36. Ree2 Rh4 37. Re8+ Rf8 38. Re3 Kg7 39. Re7+ Rf7 40.
Re3 g5 41. c5 dxc5 42. d6 Rd4 43. Re5 Rxd6 44. Rxc5 b6 45. Rc3 Rd3 0-1

[Event "II Memorial Carlo Ragazzini B"]
[Site "Mestre - Venezia ITA"]
[Date "2011.05.22"]
[Round "4"]
[White "Pagan, Andrea"]
[Black "Pasqualetto, Lorenzo"]
[Result "0-1"]
[WhiteElo "1919"]
[BlackElo "1701"]
[PlyCount "118"]
[EventDate "2011.05.20"]

1. Nf3 Nf6 2. d3 e6 3. g3 d5 4. Bg2 c5 5. O-O Nc6 6. Nbd2 Bd6 7. e4 O-O 8. Qe2
Qc7 9. Ne1 Nd4 10. Qd1 b5 11. c3 Nc6 12. f4 dxe4 13. dxe4 e5 14. f5 Ba6 15. g4
b4 16. c4 Nd4 17. b3 Bb7 18. g5 Ne8 19. Qg4 f6 20. h4 fxg5 21. hxg5 Bc8 22. Qh4
Qf7 23. Nd3 g6 24. f6 Nc7 25. Nf3 Nxf3+ 26. Rxf3 Ne6 27. Nf2 Nd4 28. Rd3 Re8
29. Bh3 Bxh3 30. Rxh3 Bf8 31. Ng4 Rad8 32. Be3 Rd7 33. Rf1 a5 34. Kg2 Rc7 35.
Qg3 Ne2 36. Qf2 Nd4 37. Rfh1 h5 38. gxh6 Kh7 39. Qh4 a4 40. bxa4 Qxc4 41. Qg5
Qe2+ 42. Kg3 Qf3+ 43. Kh2 Qe2+ 44. Kg3 Qf3+ 45. Kh2 Qe2+ 46. Bf2 Nf3+ 47. Rxf3
Qxf3 48. Bg3 Qxe4 49. Nxe5 Qe2+ 50. Kg1 Rxe5 51. Qxe5 Qxe5 52. Bxe5 Ra7 53. Rh2
Rxa4 54. Bf4 Ra3 55. Rf2 c4 56. Kg2 Rd3 57. f7 Rd7 58. Bd6 Rxd6 59. Re2 Rf6 0-1

[Event "II Memorial Carlo Ragazzini B"]
[Site "Mestre - Venezia ITA"]
[Date "2011.05.22"]
[Round "4"]
[White "Zanirato, Stefano"]
[Black "Stringhetta, Elio"]
[Result "1/2-1/2"]
[WhiteElo "1909"]
[BlackElo "1665"]
[PlyCount "83"]
[EventDate "2011.05.20"]

1. e4 c5 2. Nf3 d6 3. Bb5+ Bd7 4. Bxd7+ Nxd7 5. O-O Ngf6 6. Re1 e5 7. c3 Be7 8.
d4 cxd4 9. cxd4 O-O 10. Nc3 a6 11. a4 Rc8 12. Bg5 Re8 13. Qd2 h6 14. Bxf6 Bxf6
15. Rad1 Nb6 16. b3 Qc7 17. Rc1 Qb8 18. a5 Nd7 19. Nd5 exd4 20. Nxf6+ Nxf6 21.
Rxc8 Qxc8 22. Qxd4 Qc6 23. Nd2 Re5 24. Nc4 Rxe4 25. Rxe4 Nxe4 26. f3 Qc5 27.
Qxc5 Nxc5 28. Nxd6 Nxb3 29. Nxb7 Kf8 30. Kf2 Ke7 31. Ke3 Kd7 32. Kd3 Kc7 33.
Kc3 Kxb7 34. Kxb3 Kc6 35. Kc4 f6 36. h4 h5 37. g4 g6 38. gxh5 gxh5 39. f4 f5
40. Kd4 Kd6 41. Kc4 Kc6 42. Kd4 1/2-1/2

[Event "II Memorial Carlo Ragazzini B"]
[Site "Mestre - Venezia ITA"]
[Date "2011.05.22"]
[Round "4"]
[White "Daccico, Gianni"]
[Black "Santagati, Marco"]
[Result "1/2-1/2"]
[WhiteElo "1702"]
[BlackElo "1590"]
[PlyCount "60"]
[EventDate "2011.05.20"]

1. e4 d5 2. exd5 Qxd5 3. Nc3 Qd6 4. Nf3 Nf6 5. Bc4 e6 6. d3 a6 7. Bg5 Be7 8.
O-O b5 9. Bb3 Bb7 10. Ne2 O-O 11. Ng3 c5 12. c4 Nc6 13. a3 Rfd8 14. Bxf6 Bxf6
15. Ne4 Qe7 16. Nxf6+ Qxf6 17. Rb1 Ne7 18. Qe2 Bxf3 19. gxf3 Qg6+ 20. Kh1 Qxd3
21. Qxd3 Rxd3 22. Bd1 bxc4 23. Be2 Rd4 24. Rfc1 Rd2 25. Re1 Nf5 26. Kg2 a5 27.
Bxc4 Rad8 28. Bb3 Rb8 29. Ba4 Rbxb2 30. Rxb2 Rxb2 1/2-1/2

[Event "II Memorial Carlo Ragazzini B"]
[Site "Mestre - Venezia ITA"]
[Date "2011.05.22"]
[Round "5"]
[White "Gigovski, Gjoko"]
[Black "Panican, Gheorghe"]
[Result "1/2-1/2"]
[WhiteElo "1941"]
[BlackElo "1995"]
[PlyCount "43"]
[EventDate "2011.05.20"]

1. d4 d6 2. Nf3 Nd7 3. Bf4 g6 4. e4 Bg7 5. c3 e5 6. dxe5 dxe5 7. Be3 Ne7 8. Bc4
h6 9. Qb3 O-O 10. O-O Qe8 11. Na3 a6 12. Nc2 b5 13. Bd3 Bb7 14. a4 c6 15. axb5
axb5 16. Rxa8 Qxa8 17. Ra1 Qc8 18. Qa3 Re8 19. c4 bxc4 20. Bxc4 c5 21. Qb3 Rf8
22. Nd2 1/2-1/2

[Event "II Memorial Carlo Ragazzini B"]
[Site "Mestre - Venezia ITA"]
[Date "2011.05.22"]
[Round "5"]
[White "Banovi, Alit"]
[Black "Zamengo, Bruno"]
[Result "1/2-1/2"]
[WhiteElo "1865"]
[BlackElo "1914"]
[PlyCount "45"]
[EventDate "2011.05.20"]

1. d4 Nf6 2. Bg5 e6 3. e3 c5 4. c3 d5 5. Nf3 Be7 6. Bxf6 gxf6 7. dxc5 Bxc5 8.
Bd3 Nc6 9. Nd4 Ne5 10. Be2 Bd7 11. Nd2 Qb6 12. Qb3 Qc7 13. a4 a6 14. Qd1 Be7
15. Rc1 Qa5 16. N2b3 Qc7 17. Nd2 Qa5 18. f4 Nc6 19. b4 Qc7 20. O-O e5 21. Nxc6
bxc6 22. Bg4 f5 23. Be2 1/2-1/2

[Event "II Memorial Carlo Ragazzini B"]
[Site "Mestre - Venezia ITA"]
[Date "2011.05.22"]
[Round "5"]
[White "Desideri, Alessandro"]
[Black "Battagin, Mose'"]
[Result "1-0"]
[WhiteElo "1500"]
[BlackElo "1913"]
[PlyCount "67"]
[EventDate "2011.05.20"]

1. e4 d6 2. d4 Nf6 3. Nc3 g6 4. f3 c6 5. Be3 b5 6. a3 Nbd7 7. Qd2 Bb7 8. g4 Nb6
9. b3 h5 10. g5 Nfd7 11. Bg2 Bg7 12. Nge2 a6 13. Rd1 Qc7 14. O-O O-O 15. f4 c5
16. f5 b4 17. axb4 cxb4 18. Nd5 Nxd5 19. exd5 a5 20. fxg6 fxg6 21. Nf4 Rxf4 22.
Bxf4 Ba6 23. Rf2 Rc8 24. Qe3 Nf8 25. Bh3 Re8 26. Qf3 Kh7 27. Bf5 Bc8 28. Qxh5+
Kg8 29. Bxg6 Nxg6 30. Qxg6 Rf8 31. Be5 dxe5 32. Rxf8+ Kxf8 33. Rf1+ Kg8 34. Rf7
1-0

[Event "II Memorial Carlo Ragazzini B"]
[Site "Mestre - Venezia ITA"]
[Date "2011.05.22"]
[Round "5"]
[White "Fracasso Pezzolato, Michele"]
[Black "Luisetto, Alessandro"]
[Result "0-1"]
[WhiteElo "1796"]
[BlackElo "1838"]
[PlyCount "98"]
[EventDate "2011.05.20"]

1. e4 c6 2. d4 d5 3. Nc3 dxe4 4. Nxe4 Nd7 5. Bc4 Ngf6 6. Ng5 e6 7. Ne2 h6 8.
Nf3 Bd6 9. Bf4 Qc7 10. Qd2 e5 11. dxe5 Nxe5 12. Nxe5 Bxe5 13. Bxe5 Qxe5 14. O-O
O-O 15. Qc3 Re8 16. Qxe5 Rxe5 17. Ng3 b5 18. Bb3 c5 19. c3 c4 20. Bc2 Bb7 21.
Nf5 Be4 22. Bxe4 Nxe4 23. Nd4 a6 24. f3 Nc5 25. a4 Nxa4 26. Rf2 Rae8 27. Kf1
Nc5 28. Re2 Nd3 29. Rxa6 Rxe2 30. Nxe2 Nxb2 31. Rb6 Re5 32. f4 Rd5 33. Nd4 Na4
34. Rb8+ Kh7 35. Nxb5 Rd3 36. Rc8 Nxc3 37. Nxc3 Rxc3 38. Re8 Kg6 39. Re2 Kf5
40. g3 Rc1+ 41. Kf2 c3 42. Kf3 Rd1 43. g4+ Kf6 44. Ke3 Rd7 45. Rc2 Rc7 46. Kd4
g5 47. f5 Rd7+ 48. Ke3 Re7+ 49. Kd4 Rc7 0-1

[Event "II Memorial Carlo Ragazzini B"]
[Site "Mestre - Venezia ITA"]
[Date "2011.05.22"]
[Round "5"]
[White "Rosina, Graziano"]
[Black "Roverato, Franco"]
[Result "1/2-1/2"]
[WhiteElo "1829"]
[BlackElo "1750"]
[PlyCount "79"]
[EventDate "2011.05.20"]

1. Nf3 Nf6 2. c4 e6 3. d4 c5 4. Nc3 g6 5. Bg5 h6 6. Bh4 g5 7. Bg3 Nh5 8. Be5 f6
9. Bxb8 Rxb8 10. e3 Ng7 11. Bd3 f5 12. d5 Qf6 13. e4 fxe4 14. Bxe4 d6 15. Qa4+
Bd7 16. Qxa7 Qd8 17. Bg6+ Ke7 18. Qa3 e5 19. O-O Kf6 20. Bd3 Nh5 21. g3 Bg4 22.
Nd2 Bh3 23. Rfe1 Kg7 24. Nce4 Be7 25. Bf1 Qd7 26. Bg2 Rhf8 27. Rf1 b5 28. b4
Bxg2 29. Kxg2 cxb4 30. Qxb4 bxc4 31. Qxc4 Rbc8 32. Qd3 Qg4 33. Kh1 Qf5 34. f3
g4 35. Qe2 gxf3 36. Rxf3 Qg6 37. Rxf8 Rxf8 38. Rc1 Nf6 39. Rc7 Nxd5 40. Rb7
1/2-1/2

[Event "II Memorial Carlo Ragazzini B"]
[Site "Mestre - Venezia ITA"]
[Date "2011.05.22"]
[Round "5"]
[White "Stefan, Marco"]
[Black "Steccanella, Willi"]
[Result "0-1"]
[WhiteElo "1852"]
[BlackElo "1869"]
[PlyCount "72"]
[EventDate "2011.05.20"]

1. e4 Nf6 2. e5 Nd5 3. c4 Nb6 4. d4 d6 5. exd6 cxd6 6. Nc3 g6 7. Be3 Bg7 8. Rc1
Nc6 9. Be2 O-O 10. Nf3 Bg4 11. d5 Bxf3 12. Bxf3 Ne5 13. b3 Nbd7 14. O-O a6 15.
Be2 Nf6 16. Qd2 Re8 17. f4 Ned7 18. f5 Nc5 19. fxg6 hxg6 20. Rf3 Ng4 21. Bf4
Qb6 22. Kf1 Rac8 23. h3 Nf6 24. Bd3 a5 25. Be3 Qb4 26. Bd4 a4 27. bxa4 Nxd3 28.
Rxd3 Qxc4 29. Ne2 Qxa4 30. Rxc8 Rxc8 31. Rc3 Rxc3 32. Bxc3 Ne4 33. Qd3 Nxc3 34.
Nxc3 Qf4+ 35. Kg1 Qd4+ 36. Qxd4 Bxd4+ 0-1

[Event "II Memorial Carlo Ragazzini B"]
[Site "Mestre - Venezia ITA"]
[Date "2011.05.22"]
[Round "5"]
[White "Pasqualetto, Lorenzo"]
[Black "Zangrando, Gianpietro"]
[Result "1-0"]
[WhiteElo "1701"]
[BlackElo "1827"]
[PlyCount "61"]
[EventDate "2011.05.20"]

1. e4 e6 2. d4 d5 3. Nc3 Nf6 4. Bg5 dxe4 5. Nxe4 Be7 6. Nxf6+ Bxf6 7. Bxf6 Qxf6
8. Nf3 O-O 9. Bd3 c5 10. c3 cxd4 11. Nxd4 a6 12. Qe2 e5 13. Nb3 Bf5 14. Bxf5
Qxf5 15. O-O Nc6 16. Rad1 Rad8 17. Rfe1 Rfe8 18. Nc5 Qc8 19. Ne4 Qc7 20. Qg4
Re6 21. Rxd8+ Qxd8 22. Rd1 Qf8 23. Qe2 h6 24. b4 Kh8 25. Qc4 Qb8 26. Rd7 Ne7
27. Nc5 Qc8 28. Rxb7 Rd6 29. h3 Rd1+ 30. Kh2 Ng6 31. Qxf7 1-0

[Event "II Memorial Carlo Ragazzini B"]
[Site "Mestre - Venezia ITA"]
[Date "2011.05.22"]
[Round "5"]
[White "Militello, Michele"]
[Black "Rizzo, Nicodemo"]
[Result "1-0"]
[WhiteElo "1811"]
[BlackElo "1458"]
[PlyCount "67"]
[EventDate "2011.05.20"]

1. d4 Nf6 2. Nf3 g6 3. c4 Bg7 4. Nc3 d6 5. e4 O-O 6. Be2 c6 7. O-O b6 8. Bg5
Qc7 9. Rc1 Nbd7 10. Nd2 Bb7 11. d5 h6 12. Bh4 g5 13. Bg3 Rac8 14. Kh1 Nc5 15.
b4 Ncd7 16. Qb3 Qd8 17. f4 g4 18. e5 Nh7 19. Bxg4 dxe5 20. fxe5 Ra8 21. Nf3 Kh8
22. Bf5 f6 23. Qc2 Ng5 24. Nh4 Kg8 25. Bxd7 Qxd7 26. e6 Nxe6 27. dxe6 Qxe6 28.
Rfe1 Qf7 29. Qg6 e5 30. Qxf7+ Kxf7 31. Nf5 Rad8 32. Rcd1 Ba6 33. b5 Kg6 34.
Nxg7 1-0

[Event "II Memorial Carlo Ragazzini B"]
[Site "Mestre - Venezia ITA"]
[Date "2011.05.22"]
[Round "5"]
[White "Tonolo, Maurizio"]
[Black "Dal Bianco, Nicola"]
[Result "0-1"]
[WhiteElo "1788"]
[BlackElo "1610"]
[PlyCount "72"]
[EventDate "2011.05.20"]

1. d4 Nf6 2. Nf3 e6 3. e3 b6 4. Bd3 Bb7 5. b3 Be7 6. Bb2 d6 7. Nbd2 Nbd7 8. O-O
c5 9. c4 O-O 10. Re1 Qc7 11. Rc1 Rad8 12. Qe2 Rfe8 13. e4 cxd4 14. Nxd4 e5 15.
Nb5 Qb8 16. Nc3 Nc5 17. Bb1 Ne6 18. Nd5 Nxd5 19. exd5 Nf4 20. Qe4 g6 21. g3
Nh3+ 22. Kf1 Ng5 23. Qg2 Bc8 24. g4 f6 25. h4 Nf7 26. a4 Bd7 27. f3 Qc8 28. Kg1
Kh8 29. Kh2 Rg8 30. Rg1 h5 31. Rcf1 hxg4 32. fxg4 Nh6 33. Kh1 Nxg4 34. Qf3 f5
35. Rxg4 fxg4 36. Qe3 Rg7 0-1

[Event "II Memorial Carlo Ragazzini B"]
[Site "Mestre - Venezia ITA"]
[Date "2011.05.22"]
[Round "5"]
[White "Franceschini, Corrado"]
[Black "Bellon, Antonio"]
[Result "1/2-1/2"]
[WhiteElo "1847"]
[BlackElo "1723"]
[PlyCount "53"]
[EventDate "2011.05.20"]

1. e4 e5 2. Nf3 Nc6 3. Bb5 a6 4. Bxc6 dxc6 5. O-O Bd6 6. d4 exd4 7. Qxd4 f6 8.
Be3 Qe7 9. Nbd2 Bd7 10. Nc4 c5 11. Qd3 Bc6 12. Nfd2 Rd8 13. Nxd6+ cxd6 14. Rfe1
Qe6 15. c4 Ne7 16. f3 O-O 17. Bf2 Ng6 18. Bg3 Ne5 19. Qc3 Be8 20. Rad1 Bf7 21.
b3 Nc6 22. Nf1 b5 23. Ne3 Rd7 24. Rd2 Rfd8 25. Red1 Ne5 26. Nd5 bxc4 27. bxc4
1/2-1/2

[Event "II Memorial Carlo Ragazzini B"]
[Site "Mestre - Venezia ITA"]
[Date "2011.05.22"]
[Round "5"]
[White "Bonollo, Sergio"]
[Black "Zanirato, Stefano"]
[Result "1/2-1/2"]
[WhiteElo "1822"]
[BlackElo "1909"]
[PlyCount "225"]
[EventDate "2011.05.20"]

1. e4 Nc6 2. Nf3 e6 3. d4 d5 4. e5 a6 5. Be2 Be7 6. h4 h5 7. c3 Nh6 8. Ng5 g6
9. Bd3 Nf5 10. Bxf5 exf5 11. f4 Be6 12. a4 Na5 13. Nd2 Nc4 14. Nxc4 dxc4 15. g3
Qd5 16. O-O O-O-O 17. Qf3 c5 18. Nxe6 fxe6 19. Be3 Qxf3 20. Rxf3 Rd5 21. a5
cxd4 22. Bxd4 Bc5 23. Bxc5 Rxc5 24. Ra4 Rd8 25. Rf2 Kc7 26. Kg2 b6 27. axb6+
Kxb6 28. Rb4+ Kc6 29. Ra4 a5 30. Ra2 Kb5 31. Re2 Rd3 32. Kf2 Rcd5 33. Kg2 a4
34. Kf2 Ka5 35. Kg2 Rb5 36. Kf2 Rb3 37. Rc2 a3 38. Kg2 Kb5 39. Kf2 axb2 40.
Raxb2 Ka4 41. Ra2+ Ra3 42. Rab2 Rdxc3 43. Rxc3 Rxc3 44. Rb6 Rb3 45. Rxe6 c3 46.
Rc6 Rb2+ 47. Ke1 Kb3 48. e6 Kc2 49. Ke2 Rb4 50. Kf3 Re4 51. Kf2 Kd3 52. Rd6+
Kc4 53. Rc6+ Kd4 54. Ra6 Kd5 55. Ra5+ Kd6 56. Ra6+ Kc7 57. Ra2 Rxe6 58. Rc2 Rc6
59. Ke3 Kd6 60. Kd4 Ra6 61. Rxc3 Ra1 62. Ke3 Kd5 63. Rd3+ Kc5 64. Kf3 Ra6 65.
Ke3 Re6+ 66. Kf3 Kc4 67. Rd8 Rc6 68. Ke3 Ra6 69. Rd4+ Kc5 70. Rd8 Ra3+ 71. Kf2
Ra6 72. Ke3 Re6+ 73. Kd3 Re1 74. Rg8 Rd1+ 75. Ke3 Rd6 76. Rc8+ Kd5 77. Rc3 Re6+
78. Kd3 Re1 79. Kd2 Rg1 80. Ke2 Kd4 81. Rd3+ Kc4 82. Re3 Kd4 83. Rd3+ Kc5 84.
Kf2 Rh1 85. Rd7 Ra1 86. Rg7 Ra6 87. Rd7 Rd6 88. Rg7 Kd4 89. Re7 Kd3 90. Re3+
Kc4 91. Re5 Kd3 92. Re1 Ra6 93. Rd1+ Ke4 94. Re1+ Kd3 95. Rd1+ Kc2 96. Rd5 Rc6
97. Rd7 Kb3 98. Rd3+ Kc4 99. Rd7 Kc5 100. Rd2 Rd6 101. Rc2+ Kd5 102. Rd2+ Ke6
103. Re2+ Kd7 104. Rc2 Rd3 105. Re2 Kd6 106. Re8 Kd7 107. Rg8 Rd6 108. Rg7+ Kc6
109. Re7 Kd5 110. Re5+ Kd4 111. Re1 Kc3 112. Re3+ Kc2 113. Re5 1/2-1/2

[Event "II Memorial Carlo Ragazzini B"]
[Site "Mestre - Venezia ITA"]
[Date "2011.05.22"]
[Round "5"]
[White "Stringhetta, Elio"]
[Black "Scandiuzzi, Roberto"]
[Result "1-0"]
[WhiteElo "1665"]
[BlackElo "1323"]
[PlyCount "51"]
[EventDate "2011.05.20"]

1. d4 d5 2. Bf4 Nf6 3. e3 e6 4. Nf3 c5 5. c3 c4 6. Be2 Be7 7. Nbd2 O-O 8. O-O
Nbd7 9. a4 a5 10. b3 cxb3 11. Qxb3 b6 12. Bb5 Ba6 13. Ne5 Bxb5 14. Qxb5 Nxe5
15. Bxe5 Nd7 16. Nf3 Rc8 17. Rac1 f5 18. c4 dxc4 19. Rxc4 Rxc4 20. Qxc4 Kf7 21.
d5 Nc5 22. Rd1 Qc8 23. Nd4 Kg6 24. Nc6 Qb7 25. Bg3 Rf6 26. Ne5+ 1-0

[Event "II Memorial Carlo Ragazzini B"]
[Site "Mestre - Venezia ITA"]
[Date "2011.05.22"]
[Round "5"]
[White "Pomponio, Stefano"]
[Black "Pagan, Andrea"]
[Result "0-1"]
[WhiteElo "1514"]
[BlackElo "1919"]
[PlyCount "100"]
[EventDate "2011.05.20"]

1. e4 d6 2. Nf3 g6 3. Bc4 Bg7 4. O-O Nf6 5. Nc3 O-O 6. d4 Nbd7 7. Re1 Nb6 8.
Bb3 Bg4 9. Be3 Nfd7 10. h3 Bxf3 11. Qxf3 e5 12. d5 f5 13. Qe2 f4 14. Bxb6 Nxb6
15. f3 Nd7 16. a3 Nf6 17. Qf2 g5 18. Ne2 Qd7 19. c4 b6 20. Rac1 Kf7 21. Ba2 a5
22. b3 Rh8 23. Kf1 h5 24. Ng1 g4 25. fxg4 hxg4 26. Rc3 Rh5 27. Bb1 Bh6 28. Ke2
Bg5 29. Rd1 Bh4 30. Qf1 Ke7 31. Kd2 Bg5 32. Ke1 Nh7 33. hxg4 Qxg4 34. Qf3 Bh4+
35. Ke2 Qg6 36. Nh3 Ng5 37. Nxg5 Rxg5 38. Rg1 Rg3 39. Qf2 Rxc3 40. Qxh4+ Kf7
41. Bd3 Rxb3 42. Qh3 Re8 43. Qd7+ Re7 44. Qa4 Rb2+ 45. Bc2 Qxe4+ 46. Kd1 Qd4+
47. Kc1 Rxc2+ 48. Qxc2 Qxg1+ 49. Kb2 Qd4+ 50. Kb1 e4 0-1

[Event "II Memorial Carlo Ragazzini B"]
[Site "Mestre - Venezia ITA"]
[Date "2011.05.22"]
[Round "5"]
[White "Santagati, Marco"]
[Black "Surrusca, Federico"]
[Result "1-0"]
[WhiteElo "1590"]
[BlackElo "1495"]
[PlyCount "123"]
[EventDate "2011.05.20"]

1. d4 d5 2. Nc3 Nf6 3. Bg5 Nc6 4. e3 a6 5. Nf3 Bf5 6. Bd3 Bg4 7. Be2 e6 8. e4
Be7 9. Bxf6 Bxf6 10. e5 Be7 11. a3 O-O 12. Bd3 Bxf3 13. Qxf3 Nxd4 14. Qh5 g6
15. Qg4 c5 16. O-O-O Bg5+ 17. f4 Bh6 18. h4 c4 19. Bxg6 fxg6 20. Rxd4 Qb6 21.
Rhd1 Rf7 22. g3 a5 23. R1d2 Qc6 24. Kd1 b5 25. h5 Rg7 26. Qh4 g5 27. Qh3 g4 28.
Qh4 Rf8 29. Rf2 b4 30. axb4 axb4 31. Ne2 c3 32. b3 Qb6 33. Ke1 Ra8 34. Rd1 Ra2
35. Nd4 Ra8 36. Qf6 Rga7 37. Qxh6 Ra1 38. Qxe6+ Qxe6 39. Nxe6 Rxd1+ 40. Kxd1 h6
41. Ke2 Kf7 42. Nc5 Rc8 43. Nd3 Rb8 44. Rf1 d4 45. Ra1 Rb6 46. Ra7+ Ke6 47. Rg7
Kf5 48. Rg6 Rb7 49. Rxh6 Ra7 50. Nxb4 Ke4 51. Nd3 Ra2 52. Kd1 Kf3 53. e6 Kxg3
54. e7 Ra1+ 55. Nc1 Ra8 56. f5 Kf2 57. f6 g3 58. f7 g2 59. f8=Q+ Kg3 60. Rg6+
Kh2 61. Rxg2+ Kxg2 62. Qxa8+ 1-0